000 00441nam a22001337a 4500
020 _qPB.
040 _cFIZZA ISHAQ
082 _a155.93
_bJUD
100 _aVIORST,JUDITH.
_9133425
245 _aNECESSARY LOSSES,THE LOVES,ILLUSIONS,DEPENDENCIES,AND IMPOSSIBLE EXPECTIONS THAT ALL OF US HAVE TO GIVE UP IN ORDER TO GROW /
_cJUDITH VIORST.
260 _aNEW YORK ;
_bTHE FREE PRESS,
_c1986.
300 _a447 P. ;
_c8.3X5.3IN
942 _2ddc
_cBK
999 _c616375
_d616375